[Event "Al-Ain Classic Open A 2013"]
[Site "Al-Ain UAE"]
[Date "2013.12.23"]
[Round "5.21"]
[White "Elarbi, Abobker"]
[Black "Supatashvili, Khvicha"]
[Result "1/2-1/2"]
[WhiteTitle "FM"]
[BlackTitle "IM"]
[WhiteElo "2295"]
[BlackElo "2455"]
[WhiteFideId "9200355"]
[BlackFideId "13600664"]
[EventDate "2013.12.19"]

1. d4 Nf6 2. c4 e6 3. Nf3 b6 4. g3 Ba6 5. b3 Bb4+ 6. Bd2 Be7 7. Nc3 d5 8. cxd5
exd5 9. Bg2 O-O 10. O-O Re8 11. Re1 Nbd7 12. Ne5 Bb7 13. Nxd7 Qxd7 14. Rc1 h6
15. Bf4 Rac8 16. Rc2 Bb4 17. Bd2 a5 18. Nb1 Ne4 19. Bxb4 axb4 20. e3 Ra8 21. Qc1
c6 22. f3 Ng5 23. Qd2 Qd6 24. h4 Ne6 25. Qf2 Ba6 26. Bf1 Bxf1 27. Rxf1 c5 28.
Rfc1 Re7 29. dxc5 Nxc5 30. Rd1 Qg6 31. Rxd5 Rxe3 32. Qxe3 Qxc2 33. Nd2 Qxa2 34.
Qe7 Qa1+ 35. Kg2 Qc3 36. Rd8+ Rxd8 37. Qxd8+ Kh7 38. Qd5 Qc2 39. Kh3 Qg6 40. h5
Qf6 41. f4 g6 42. hxg6+ Kxg6 43. Kg2 Qe6 44. Qf3 h5 45. Nc4 f6 46. f5+ Qxf5 47.
Nxb6 Qc2+ 48. Qf2 Qe4+ 49. Qf3 Qd4 50. Qd5 Nxb3 51. Qxb3 Qxb6 52. Qg8+ Kh6 53.
Qh8+ Kg5 54. Qg8+ Kf5 55. Qd5+ 1/2-1/2

[Event "Al-Ain Classic Open A 2013"]
[Site "Al-Ain UAE"]
[Date "2013.12.23"]
[Round "5.22"]
[White "Gagare, Shardul"]
[Black "Khatanbaatar, Bazar"]
[Result "1-0"]
[WhiteTitle "IM"]
[BlackTitle "GM"]
[WhiteElo "2442"]
[BlackElo "2329"]
[WhiteFideId "5037883"]
[BlackFideId "4900332"]
[EventDate "2013.12.19"]

1. c4 Nf6 2. g3 c5 3. Bg2 g6 4. Nc3 Bg7 5. a3 Nc6 6. Rb1 a5 7. Nf3 e5 8. O-O O-O
9. d3 d6 10. Bg5 h6 11. Bxf6 Bxf6 12. Ne1 Bg7 13. Nc2 f5 14. b4 axb4 15. axb4
Kh7 16. Nd5 Ra2 17. bxc5 dxc5 18. Rb5 Qd6 19. Qb1 Ra7 20. Qb3 Rf7 21. Rb1 h5 22.
Nb6 Be6 23. Na4 Na5 24. Qa3 Bd7 25. Rb6 Nxc4 26. dxc4 Qf8 27. R6b5 Bxb5 28. cxb5
c4 29. Qxf8 Bxf8 30. Bd5 Rd7 31. Nc3 b6 32. Bc6 Rd2 33. Ne3 Bc5 34. Rc1 Rd4 35.
Ncd5 Ra2 36. Kf1 Rad2 37. Rxc4 f4 38. Rxd4 Rxd4 39. Nf6+ Kh6 40. Ned5 Rd1+ 41.
Kg2 Re1 42. Nd7 Rxe2 43. Nxc5 bxc5 44. gxf4 exf4 45. Nxf4 Rb2 46. Nd3 Rb1 47.
Nxc5 1-0

[Event "Al-Ain Classic Open A 2013"]
[Site "Al-Ain UAE"]
[Date "2013.12.23"]
[Round "5.24"]
[White "Arab, Adlane"]
[Black "Hejazipour, Mitra"]
[Result "1/2-1/2"]
[WhiteTitle "IM"]
[BlackTitle "WIM"]
[WhiteElo "2433"]
[BlackElo "2274"]
[WhiteFideId "7900872"]
[BlackFideId "12505951"]
[EventDate "2013.12.19"]

1. d4 Nf6 2. c4 e6 3. Nf3 b6 4. g3 Bb4+ 5. Bd2 Bxd2+ 6. Qxd2 Ba6 7. b3 O-O 8.
Bg2 d5 9. O-O c6 10. cxd5 cxd5 11. Nc3 Nbd7 12. Rfc1 Rc8 13. a4 Qe7 14. a5 b5
15. Na2 Ne4 16. Qb4 Nd6 17. Ne5 Nxe5 18. dxe5 Nf5 19. e4 dxe4 20. Bxe4 Qg5 21.
Rd1 Rfd8 22. Qe1 Qe7 23. Nb4 Bb7 24. a6 Bxe4 25. Qxe4 Qc5 26. Rxd8+ Rxd8 27. Nc6
Rd2 28. Qe1 Rc2 29. Rd1 g6 30. Nb4 Nd4 31. Qe4 Rc1 32. Rxc1 Qxc1+ 33. Kg2 Qc3
34. Na2 Qc5 35. b4 1/2-1/2

[Event "Al-Ain Classic Open A 2013"]
[Site "Al-Ain UAE"]
[Date "2013.12.23"]
[Round "5.25"]
[White "Nameer, Noor. Al-Deen"]
[Black "Lazarev, Vladimir"]
[Result "1/2-1/2"]
[WhiteTitle "CM"]
[BlackTitle "GM"]
[WhiteElo "2246"]
[BlackElo "2427"]
[WhiteFideId "4801890"]
[BlackFideId "4113250"]
[EventDate "2013.12.19"]

1. Nf3 c5 2. c4 g6 3. d4 Bg7 4. e4 Qb6 5. Nc3 cxd4 6. Nd5 Qa5+ 7. b4 Qd8 8. Nxd4
Nf6 9. Nxf6+ Bxf6 10. Be3 b6 11. Be2 Bb7 12. f3 O-O 13. O-O d6 14. Qb3 Nd7 15.
Rac1 a6 16. Rfd1 Qc7 17. a3 Rac8 18. Rb1 Rb8 19. Rbc1 Rfc8 20. Qa4 Be5 21. Qb3
e6 22. Qd3 Re8 23. Qd2 Rbc8 24. Qe1 Qb8 25. Qh4 Qa8 26. Qg4 d5 27. cxd5 Nf6 28.
Rxc8 Qxc8 29. Qh3 exd5 1/2-1/2

[Event "Al-Ain Classic Open A 2013"]
[Site "Al-Ain UAE"]
[Date "2013.12.23"]
[Round "5.26"]
[White "Baghdasaryan, Vahe"]
[Black "Kulkarni, Bhakti"]
[Result "1-0"]
[WhiteTitle "IM"]
[BlackTitle "CM"]
[WhiteElo "2395"]
[BlackElo "2267"]
[WhiteFideId "13303139"]
[BlackFideId "5019516"]
[EventDate "2013.12.19"]

1. e4 d6 2. Nc3 Nf6 3. f4 g6 4. Nf3 Bg7 5. d4 O-O 6. Bd3 c6 7. e5 Nfd7 8. Ng5
dxe5 9. fxe5 Nb6 10. Be3 c5 11. dxc5 Nd5 12. Bxg6 hxg6 13. Qxd5 Nc6 14. Qe4 Nxe5
15. Qh4 Re8 16. O-O Bf5 17. Bd4 Kf8 18. Rae1 Qb8 19. Rxe5 Rd8 20. Rd5 f6 21.
Rfxf5 1-0

[Event "Al-Ain Classic Open A 2013"]
[Site "Al-Ain UAE"]
[Date "2013.12.23"]
[Round "5.27"]
[White "Plotkin, Victor"]
[Black "Petrosyan, Tigran S."]
[Result "0-1"]
[WhiteTitle "FM"]
[BlackTitle "FM"]
[WhiteElo "2228"]
[BlackElo "2383"]
[WhiteFideId "2606674"]
[BlackFideId "13303678"]
[EventDate "2013.12.19"]

1. e4 e5 2. Nf3 Nc6 3. Bc4 Bc5 4. O-O Nf6 5. d3 O-O 6. Nc3 h6 7. Be3 Bxe3 8.
fxe3 d6 9. Qe1 Na5 10. Bb3 c6 11. h3 b5 12. Qh4 Re8 13. g4 Nxb3 14. axb3 b4 15.
Ne2 d5 16. exd5 cxd5 17. Ng3 Qe7 18. Rf2 a5 19. d4 e4 20. Ne5 Nh7 21. Qxe7 Rxe7
22. Nc6 Rc7 23. Nxb4 Bb7 24. Na2 Ng5 25. Kg2 a4 26. Nc1 Nf3 27. c3 a3 28. Nf1
Ra6 29. bxa3 Rxc3 30. Rb2 Ne1+ 31. Kg3 Rf6 32. Ne2 Rf3+ 33. Kh2 Rc2 34. Rxc2
Nxc2 35. Rc1 Rf2+ 36. Kg1 Rxe2 37. Ng3 Rxe3 38. Nf5 Rc3 39. b4 Nxd4 40. Rxc3
Ne2+ 41. Kf2 Nxc3 42. Ke3 g6 43. Nxh6+ Kg7 44. g5 Nb5 45. a4 d4+ 46. Kd2 Nc3 0-1

[Event "Al-Ain Classic Open A 2013"]
[Site "Al-Ain UAE"]
[Date "2013.12.23"]
[Round "5.29"]
[White "Pourkashiyan, Atousa"]
[Black "Abdulla, Khayala"]
[Result "1-0"]
[WhiteTitle "WGM"]
[BlackTitle "WIM"]
[WhiteElo "2334"]
[BlackElo "2260"]
[WhiteFideId "12502014"]
[BlackFideId "13401807"]
[EventDate "2013.12.19"]

1. e4 c5 2. Nf3 e6 3. d4 cxd4 4. Nxd4 a6 5. Bd3 Nf6 6. O-O Qc7 7. Kh1 d6 8. c4
g6 9. f4 Bg7 10. f5 O-O 11. Nc3 Nc6 12. Nxc6 bxc6 13. Bg5 Qa5 14. Qe1 Nd7 15.
Qh4 f6 16. Bh6 Ne5 17. Rad1 Qb6 18. Bc1 Bd7 19. Be2 Qc7 20. c5 dxc5 21. fxg6
hxg6 22. Be3 Qa5 23. Qf2 Kf7 24. Bxc5 Rh8 25. Bb6 Qb4 26. Bc7 f5 27. Qg3 Qc5 28.
Bd6 Qa7 29. Bxe5 Rxh2+ 30. Qxh2 Rh8 31. Qxh8 Bxh8 32. Bxh8 Be8 33. exf5 gxf5 34.
Be5 Kg6 35. Rf3 c5 36. Rg3+ Kh6 37. Rg7 1-0

[Event "Al-Ain Classic Open A 2013"]
[Site "Al-Ain UAE"]
[Date "2013.12.23"]
[Round "5.30"]
[White "Salih, Akar Ali Salih"]
[Black "Dauletova, Gulmira"]
[Result "0-1"]
[WhiteTitle "FM"]
[BlackTitle "WIM"]
[WhiteElo "2313"]
[BlackElo "2214"]
[WhiteFideId "4800575"]
[BlackFideId "13702971"]
[EventDate "2013.12.19"]

1. e4 e5 2. Nf3 d6 3. d4 exd4 4. Nxd4 Nf6 5. Nc3 Be7 6. h3 O-O 7. Be3 c6 8. Qf3
Nbd7 9. O-O-O Ne5 10. Qg3 b5 11. f4 Nh5 12. Qh2 b4 13. Nb1 c5 14. Nb5 Ng6 15. f5
Ne5 16. g4 a6 17. Nxd6 Bxd6 18. gxh5 Qf6 19. Qg2 h6 20. Rg1 Be7 21. Bf4 Re8 22.
Qg3 Bf8 23. Rd5 Nd7 24. Nd2 Nb6 25. e5 Qxf5 26. Rd6 c4 27. Rxb6 c3 28. bxc3 bxc3
29. Nc4 Be6 30. Nd6 Qxh5 31. Nxe8 Ba3+ 0-1

[Event "Al-Ain Classic Open A 2013"]
[Site "Al-Ain UAE"]
[Date "2013.12.23"]
[Round "5.32"]
[White "Ameir, Moheb"]
[Black "Dahdal, Lougain"]
[Result "1-0"]
[WhiteTitle "IM"]
[BlackTitle "WIM"]
[WhiteElo "2287"]
[BlackElo "2002"]
[WhiteFideId "10600620"]
[BlackFideId "8102880"]
[EventDate "2013.12.19"]

1. e4 c5 2. Nf3 e6 3. c3 d5 4. exd5 exd5 5. d4 Bd6 6. Be2 Ne7 7. O-O O-O 8. dxc5
Bxc5 9. Nbd2 Nbc6 10. Nb3 Bd6 11. Nfd4 a6 12. Re1 Qc7 13. h3 Ne5 14. Nf3 N5g6
15. Nbd4 Bd7 16. Bf1 h6 17. a4 Rae8 18. Be3 Nf4 19. Bxf4 Bxf4 20. Qb3 Bc8 21.
Rad1 Rd8 22. Bd3 Bd6 23. Nc2 Be6 24. Nfd4 Bc8 25. Ne3 Bc5 26. Be2 Ba7 27. Bf3
Bb8 28. Nf1 Rd6 29. Re3 Rfd8 30. Rde1 Ng6 31. Qc2 Rf6 32. Re8+ Nf8 33. R1e7 Bd7
34. Rxd8 Qxd8 35. Re1 Qc8 36. Bxd5 Bxh3 37. gxh3 Rg6+ 38. Bg2 Qxh3 39. Qxg6 1-0

[Event "Al-Ain Classic Open A 2013"]
[Site "Al-Ain UAE"]
[Date "2013.12.23"]
[Round "5.33"]
[White "Basencyan, Mark"]
[Black "Nezad, Husein Aziz"]
[Result "0-1"]
[BlackTitle "IM"]
[WhiteElo "2181"]
[BlackElo "2400"]
[WhiteFideId "13300725"]
[BlackFideId "12100293"]
[EventDate "2013.12.19"]

1. d4 Nf6 2. c4 e6 3. Nc3 Bb4 4. Qc2 O-O 5. Bg5 c5 6. dxc5 Na6 7. a3 Bxc3+ 8.
Qxc3 Nxc5 9. Bxf6 Qxf6 10. Qxf6 gxf6 11. b4 Na4 12. e3 b6 13. Nf3 Bb7 14. Rc1
Rfc8 15. Be2 Rc7 16. O-O Rac8 17. Nd4 a6 18. Nb3 Kf8 19. f3 Ke7 20. e4 d6 21.
Rc2 e5 22. Rfc1 f5 23. exf5 d5 24. c5 d4 25. c6 Rxc6 26. Rxc6 Rxc6 27. Rxc6 Bxc6
28. Bxa6 b5 29. Nc5 Nc3 30. Kf2 Kd6 31. f6 Nd5 32. Ne4+ Kc7 33. g4 Bd7 34. g5
Kb6 35. Nc5 Bf5 36. Bb7 Nf4 37. h4 d3 38. Ke3 Ng2+ 39. Kd2 Nxh4 40. Bd5 Kc7 41.
Nxd3 Kd6 42. Bb7 Bg6 43. Nf2 Ke6 44. Bc6 Kd6 45. Bxb5 Nxf3+ 46. Ke3 Nxg5 47. a4
h5 48. a5 Nh7 49. Bc4 Nxf6 50. b5 Nd7 51. Ne4+ Kc7 52. Nc3 f5 53. Bd5 f4+ 54.
Ke2 Nc5 55. Bc6 Bd3+ 56. Kf3 Kb8 57. Bd5 Ka7 58. b6+ Ka6 59. Bc6 Nb3 60. Be4
Nd2+ 0-1

[Event "Al-Ain Classic Open A 2013"]
[Site "Al-Ain UAE"]
[Date "2013.12.23"]
[Round "5.35"]
[White "Djuraev, Sokhib"]
[Black "Khalafova, Narmin"]
[Result "0-1"]
[WhiteTitle "FM"]
[BlackTitle "WFM"]
[WhiteElo "2355"]
[BlackElo "2148"]
[WhiteFideId "14201690"]
[BlackFideId "13402625"]
[EventDate "2013.12.19"]

1. e4 c5 2. Nf3 d6 3. d4 Nf6 4. Nc3 cxd4 5. Nxd4 a6 6. Bg5 Nbd7 7. Qe2 e6 8.
O-O-O Qc7 9. f4 b5 10. g4 b4 11. Nd5 exd5 12. exd5+ Be7 13. Re1 O-O 14. Qxe7 Re8
15. Qxe8+ Nxe8 16. Rxe8+ Nf8 17. Bd3 Bb7 18. Rhe1 h6 19. Bh4 Qd7 20. Rxa8 Bxa8
21. Nf5 Ng6 22. Bg3 Bxd5 23. h4 Bf3 24. h5 Nf8 25. Re7 Qd8 26. Bh4 Qb8 27. Ne3
d5 28. Re5 Nd7 29. Rf5 Nc5 30. Bf1 Ne6 31. Bg3 d4 32. Nc4 Bxg4 33. Re5 f6 34.
Rd5 Nxf4 35. Kd2 Qa8 36. Rxd4 Qf3 37. Bxf4 Qd1+ 38. Ke3 Qf3+ 39. Kd2 Qd1+ 40.
Ke3 Qe1+ 41. Kd3 Bf5+ 0-1

[Event "Al-Ain Classic Open A 2013"]
[Site "Al-Ain UAE"]
[Date "2013.12.23"]
[Round "5.36"]
[White "Safarov, Zirva"]
[Black "Sarwat, Walaa"]
[Result "0-1"]
[BlackTitle "IM"]
[WhiteElo "2120"]
[BlackElo "2315"]
[WhiteFideId "13413040"]
[BlackFideId "10600256"]
[EventDate "2013.12.19"]

1. d4 d5 2. c4 c6 3. Nc3 Nf6 4. Nf3 g6 5. e3 Bg7 6. h3 O-O 7. Bd3 c5 8. O-O cxd4
9. exd4 Nc6 10. c5 Ne8 11. Bb5 Nc7 12. Ba4 Bf5 13. Re1 h6 14. Bf4 Ne6 15. Be5
Nxe5 16. Nxe5 g5 17. g4 Bh7 18. Nxf7 Kxf7 19. Nxd5 Qxd5 20. Rxe6 Qxd4 21. Qb3
Bc2 22. Rxe7+ Kxe7 23. Qxb7+ Kf6 24. Qf3+ Ke5 25. Qg3+ Rf4 26. Bxc2 Kf6 27. Rd1
Qxc5 28. Rd2 Re8 29. Qd3 Re1+ 30. Kg2 Qc6+ 31. f3 Kf7 32. Bb3+ Kf8 33. Rc2 Qb6
34. Rf2 Re3 35. Qd5 Rxb3 36. axb3 Rd4 37. Qf5+ Qf6 38. Qb5 Qe5 39. Qa6 Rd7 40.
Re2 Qc7 41. Qg6 Re7 42. Rc2 Qd7 43. h4 Qe6 44. Qh7 Bd4 45. Qd3 Qe3 46. Qd1 Kg7
47. h5 Be5 48. Qd5 Bd4 49. Kh3 Rf7 50. Kg2 Qg1+ 51. Kh3 Re7 52. Qf5 Qf1+ 53. Rg2
Be5 54. Qg6+ Kf8 55. Qxh6+ Rg7 56. f4 Qf3+ 57. Kh2 Qxf4+ 58. Kg1 Bd4+ 59. Kh1
Qf1+ 0-1

[Event "Al-Ain Classic Open A 2013"]
[Site "Al-Ain UAE"]
[Date "2013.12.23"]
[Round "5.37"]
[White "Abdulkarim, Ali"]
[Black "Chelushkina, Irina"]
[Result "0-1"]
[BlackTitle "WGM"]
[WhiteElo "1944"]
[BlackElo "2276"]
[WhiteFideId "9301640"]
[BlackFideId "928615"]
[EventDate "2013.12.19"]

1. d4 Nf6 2. c4 g6 3. Nc3 Bg7 4. e4 d6 5. h3 O-O 6. Nf3 Nc6 7. Be3 e5 8. d5 Ne7
9. Qd2 Ne8 10. g4 c6 11. Bh6 cxd5 12. cxd5 f6 13. Be2 Bd7 14. O-O-O b5 15. Bxb5
Bxb5 16. Nxb5 Bxh6 17. Qxh6 Qb6 18. Nc3 Qxf2 19. Rdf1 Qb6 20. h4 Ng7 21. h5 g5
22. Nxg5 Qe3+ 0-1

[Event "Al-Ain Classic Open A 2013"]
[Site "Al-Ain UAE"]
[Date "2013.12.23"]
[Round "5.38"]
[White "Kurbanov, Charygeldy"]
[Black "Kazimova, Narmin"]
[Result "1-0"]
[BlackTitle "WIM"]
[WhiteElo "2104"]
[BlackElo "2238"]
[WhiteFideId "14001152"]
[BlackFideId "13402951"]
[EventDate "2013.12.19"]

1. d4 Nf6 2. Nf3 e6 3. Bg5 c5 4. e3 b6 5. Bd3 Bb7 6. Nbd2 Be7 7. O-O d6 8. c3
O-O 9. e4 Nc6 10. a3 h6 11. Be3 Ng4 12. Bf4 e5 13. Bg3 cxd4 14. cxd4 h5 15. d5
Nb8 16. h3 Nh6 17. Ne1 h4 18. Bh2 Nd7 19. f4 Bf6 20. Nc4 b5 21. fxe5 dxe5 22.
Nd2 Nc5 23. Bc2 a5 24. Nd3 Qd6 25. Kh1 Nd7 26. Nf3 Qe7 27. Bg1 Rfc8 28. Bb3 Ba6
29. Be3 Kh7 30. Qd2 Bb7 31. Nf2 Nc5 32. Bc2 a4 33. Bxh6 gxh6 34. Ng4 Bg7 35. Qf2
Nb3 36. Rad1 Ra6 37. Bd3 Nc5 38. Bb1 h5 39. Ne3 Bf6 40. Nf5 Qd8 41. N3xh4 Qg8
42. Qe2 Qg5 43. Rf3 1-0

[Event "Al-Ain Classic Open A 2013"]
[Site "Al-Ain UAE"]
[Date "2013.12.23"]
[Round "5.39"]
[White "Gluckman, David"]
[Black "Afshar, Niusha"]
[Result "1-0"]
[WhiteTitle "IM"]
[WhiteElo "2237"]
[BlackElo "1992"]
[WhiteFideId "14300010"]
[BlackFideId "12509892"]
[EventDate "2013.12.19"]

1. e4 c5 2. Nf3 Nc6 3. Bb5 g6 4. O-O Bg7 5. Re1 Nf6 6. c3 O-O 7. h3 d5 8. e5 Ne8
9. d4 cxd4 10. cxd4 Qb6 11. Nc3 a6 12. Bf1 Nc7 13. Na4 Qa7 14. Be3 Ne6 15. Rc1
Bd7 16. Nc5 Nxc5 17. Rxc5 b6 18. Rc3 Qb7 19. Qd2 Rfc8 20. Bh6 Nd8 21. Bxg7 Kxg7
22. Nh2 Rxc3 23. bxc3 Qc6 24. Re3 b5 25. Rf3 Be6 26. Ng4 Bxg4 27. hxg4 Ne6 28.
Rh3 Nf8 29. f4 f6 30. f5 g5 31. e6 Qd6 32. Rf3 Rb8 33. Qb2 b4 34. cxb4 Rxb4 35.
Rb3 a5 36. Rxb4 axb4 37. Be2 h6 38. Bf3 Kg8 39. Qb3 Qb6 40. Qxd5 b3 41. axb3 Qb4
42. Kh2 Qd2 43. Qe4 Qc3 44. Qb7 Qe1 45. g3 Qf2+ 46. Bg2 h5 47. Qxe7 Nh7 48. Qf7+
Kh8 49. e7 1-0

[Event "Al-Ain Classic Open A 2013"]
[Site "Al-Ain UAE"]
[Date "2013.12.23"]
[Round "5.40"]
[White "Kameswara Rao, Vempati"]
[Black "Zayan, Osama"]
[Result "0-1"]
[WhiteElo "2073"]
[BlackElo "2234"]
[WhiteFideId "5049059"]
[BlackFideId "10601180"]
[EventDate "2013.12.19"]

1. e4 c5 2. d4 cxd4 3. c3 Nf6 4. e5 Nd5 5. Nf3 d6 6. Qxd4 dxe5 7. Nxe5 e6 8.
Bb5+ Bd7 9. Nxd7 Nxd7 10. O-O a6 11. Ba4 b5 12. Bc2 Qf6 13. Qxf6 N7xf6 14. a4 b4
15. c4 Nb6 16. b3 Bc5 17. Nd2 Nbd7 18. Bb2 O-O-O 19. Rad1 Bb6 20. Nf3 h6 21. Nd4
Kb7 22. Nf3 Rhf8 23. Ne5 Nxe5 24. Bxe5 Rxd1 25. Rxd1 Bxf2+ 26. Kf1 Bc5 27. Bxf6
gxf6 28. Be4+ Kc7 29. g4 Rg8 30. h3 Rg5 31. Ke2 h5 32. Kf3 Bd6 33. Rd3 hxg4+ 34.
hxg4 Rg8 35. Rd1 f5 36. gxf5 Rg3+ 37. Ke2 Rxb3 38. fxe6 fxe6 39. c5 Bxc5 0-1

[Event "Al-Ain Classic Open A 2013"]
[Site "Al-Ain UAE"]
[Date "2013.12.23"]
[Round "5.41"]
[White "Andrenko, Irina"]
[Black "Khadzh Khamed, Naser"]
[Result "1-0"]
[WhiteTitle "WIM"]
[WhiteElo "2211"]
[BlackElo "2022"]
[WhiteFideId "14118270"]
[BlackFideId "14118920"]
[EventDate "2013.12.19"]

1. e4 c5 2. Nf3 g6 3. c4 Bg7 4. d4 cxd4 5. Nxd4 Qb6 6. Nb3 d6 7. Be2 Be6 8. O-O
Nd7 9. Be3 Qc7 10. Qc2 Rc8 11. Na3 a6 12. Rac1 Ngf6 13. f3 Ne5 14. Nd4 Bd7 15.
b4 O-O 16. Qd2 b6 17. Nb3 Rfd8 18. Qe1 e6 19. Qh4 Ba4 20. Bg5 Ned7 21. Kh1 Qb8
22. Nb1 a5 23. b5 Bxb3 24. axb3 Rc5 25. Nc3 h6 26. Be3 Rdc8 27. f4 Nh7 28. Na4
g5 29. Qg3 R5c7 30. fxg5 hxg5 31. Qxd6 Be5 32. Qd2 Ndf6 33. Nxb6 Rd8 34. Qc2
Bxh2 35. Rcd1 Re8 36. Qd3 Be5 37. c5 Kg7 38. Kg1 Rh8 39. Nc4 Rd7 40. Nd6 Nf8 41.
Bxg5 Bh2+ 42. Kf2 N8h7 43. Qe3 Kf8 44. Bh6+ Ke7 45. e5 Nd5 46. Rxd5 exd5 47. Ke1
f6 48. Nf5+ Kd8 49. e6 Re8 50. c6 d4 51. cxd7 dxe3 52. dxe8=Q+ Kxe8 53. Bh5+ Kd8
54. e7+ 1-0

[Event "Al-Ain Classic Open A 2013"]
[Site "Al-Ain UAE"]
[Date "2013.12.23"]
[Round "5.42"]
[White "Ayyad, Husain"]
[Black "Abtini, Hasan"]
[Result "0-1"]
[WhiteTitle "FM"]
[WhiteElo "2191"]
[BlackElo "2014"]
[WhiteFideId "11200243"]
[BlackFideId "7601506"]
[EventDate "2013.12.19"]

1. e4 d5 2. exd5 Nf6 3. d4 Nxd5 4. Be2 Bf5 5. Nf3 e6 6. O-O Be7 7. c4 Nb6 8. Qb3
Be4 9. Nc3 Bc6 10. Bf4 N8d7 11. a4 a5 12. Nb5 Bxb5 13. Qxb5 O-O 14. Qh5 Nf6 15.
Qh3 c5 16. Rfd1 Qe8 17. b3 cxd4 18. Nxd4 Bc5 19. Nb5 e5 20. Be3 Qe7 21. Bxc5
Qxc5 22. Nd6 Nc8 23. Qe3 Qxe3 24. fxe3 b6 25. Bf3 Rb8 26. Ne4 Nxe4 27. Bxe4 f5
28. Bd5+ Kh8 29. Be6 Ne7 30. Rd6 Ng6 31. c5 bxc5 32. Rc1 e4 33. Rxc5 f4 34. g3
fxe3 35. Rd1 Rbe8 36. Bf5 Ne5 37. Bxe4 Ng4 38. Bg2 Nf2 39. Rcc1 Nxd1 40. Rxd1
Rd8 41. Re1 Rd2 42. Bc6 Rb2 43. Rd1 h5 44. Bb5 Rxb3 45. Bc4 Rb4 0-1

[Event "Al-Ain Classic Open A 2013"]
[Site "Al-Ain UAE"]
[Date "2013.12.23"]
[Round "5.43"]
[White "Seddaoui, Yamine"]
[Black "Mukhin, Alexey"]
[Result "1-0"]
[WhiteElo "2051"]
[BlackElo "2188"]
[WhiteFideId "7902026"]
[BlackFideId "4180011"]
[EventDate "2013.12.19"]

1. e4 Nf6 2. e5 Nd5 3. d4 d6 4. exd6 cxd6 5. Nf3 g6 6. Bc4 Nb6 7. Bb3 Bg7 8. O-O
O-O 9. c3 d5 10. Bf4 Nc6 11. Re1 Bf5 12. Nbd2 Na5 13. Qe2 Nxb3 14. axb3 Re8 15.
h3 a6 16. Qe3 Rc8 17. g4 Bd7 18. Ne5 Bc6 19. Bh6 e6 20. Bxg7 Kxg7 21. g5 Nd7 22.
f4 f6 23. Nxd7 Bxd7 24. Nf3 fxg5 25. fxg5 e5 26. Nxe5 Bf5 27. Qg3 Qb6 28. b4 Qd6
29. Rf1 Rc7 30. Qh4 Kg8 31. Rae1 Rce7 32. Qh6 Re6 33. Qh4 Qe7 34. Qg3 Qd6 35. h4
Be4 36. Rf4 Bf5 37. h5 Rxe5 38. dxe5 Rxe5 39. Rff1 Be4 40. Rf6 Qe7 41. hxg6 hxg6
42. Rxg6+ Kh7 43. Rf6 Kg7 44. Qh4 Kg8 45. Qh6 Qg7 46. Rg6 1-0

[Event "Al-Ain Classic Open A 2013"]
[Site "Al-Ain UAE"]
[Date "2013.12.23"]
[Round "5.44"]
[White "Sameir, Ramez"]
[Black "Kalinina, Larisa"]
[Result "1-0"]
[BlackTitle "WIM"]
[WhiteElo "2070"]
[BlackElo "2155"]
[WhiteFideId "10606017"]
[BlackFideId "14106361"]
[EventDate "2013.12.19"]

1. e4 c5 2. c3 d6 3. d4 Nf6 4. dxc5 Nc6 5. Bc4 dxc5 6. Qc2 g6 7. Be3 b6 8. Nf3
Bg7 9. e5 Nd5 10. Bg5 O-O 11. O-O Bf5 12. Qa4 Na5 13. Be2 h6 14. Bh4 Qc7 15. Bg3
Bd7 16. Qe4 e6 17. Nbd2 Bc6 18. Qg4 Ne7 19. b4 h5 20. Qh3 Nb7 21. b5 Bxf3 22.
Bxf3 Nf5 23. Bf4 Rad8 24. Nc4 Rd3 25. Rac1 Rfd8 26. Nb2 R3d7 27. Bc6 Bxe5 28.
Bxe5 Qxe5 29. Bxd7 Rxd7 30. Rcd1 Re7 31. Qf3 Kg7 32. Nc4 Qf6 33. Rfe1 Qg5 34.
Qe4 f6 35. Rd3 h4 36. h3 Na5 37. Nxa5 bxa5 38. Red1 Kh6 39. Rd8 e5 40. Qg4 e4
41. Qxg5+ Kxg5 42. R8d7 Re8 43. Rxa7 e3 44. fxe3 Rxe3 45. b6 Re2 46. Rb1 1-0

[Event "Al-Ain Classic Open A 2013"]
[Site "Al-Ain UAE"]
[Date "2013.12.23"]
[Round "5.45"]
[White "Mezioud, Amina"]
[Black "Gator, Mosab"]
[Result "1/2-1/2"]
[WhiteTitle "WIM"]
[BlackTitle "FM"]
[WhiteElo "2048"]
[BlackElo "2120"]
[WhiteFideId "7900970"]
[BlackFideId "1312383"]
[EventDate "2013.12.19"]

1. e4 Nf6 2. e5 Nd5 3. d4 d6 4. Nf3 Nc6 5. exd6 exd6 6. c4 Nb6 7. d5 Ne5 8. Nxe5
dxe5 9. Nc3 Bc5 10. Ne4 Be7 11. Be2 O-O 12. Bd2 c6 13. d6 Bf6 14. c5 Nd5 15. b4
g6 16. Nxf6+ Qxf6 17. O-O Be6 18. Bf3 Qh4 19. Bxd5 Bxd5 20. Bc3 Qg5 21. g3 Qf5
22. f3 Rae8 23. g4 Qg5 24. Qd2 Qh4 25. Qf2 Qxf2+ 26. Rxf2 f6 27. Re1 g5 28. h3
Kf7 29. Re3 h5 30. a3 Rh8 31. a4 a6 32. a5 Rh7 33. Rh2 Ke6 34. Bd2 Kd7 35. Kf2
Reh8 36. Kg1 Be6 37. Ree2 Bc4 38. Ref2 Be6 39. Re2 Bd5 40. Ref2 Ke6 1/2-1/2

[Event "Al-Ain Classic Open A 2013"]
[Site "Al-Ain UAE"]
[Date "2013.12.23"]
[Round "5.46"]
[White "Kaboodi, Behrang"]
[Black "Batjantsan, Purevjal"]
[Result "1-0"]
[WhiteElo "2044"]
[BlackElo "2092"]
[WhiteFideId "12504955"]
[BlackFideId "4901231"]
[EventDate "2013.12.19"]

1. d4 d5 2. Bf4 Nf6 3. c3 e6 4. e3 Bd6 5. Bg3 c5 6. Nd2 Nc6 7. Ngf3 O-O 8. Bd3
Qe7 9. Ne5 Nd7 10. Nxd7 Bxd7 11. Bxd6 Qxd6 12. dxc5 Qxc5 13. Bxh7+ Kxh7 14. Qh5+
Kg8 15. Ne4 Qc4 16. Ng5 Rfd8 17. Qxf7+ Kh8 18. Qh5+ Kg8 19. h4 Ne5 20. Rh3 Kf8
21. Nh7+ Kg8 22. Qxe5 Kxh7 23. Rg3 g6 24. h5 Qe4 25. hxg6+ Kg8 26. Qh5 Kg7 27.
Qh7+ Kf6 28. Rf3+ Qxf3 29. gxf3 Be8 30. Qh8+ Kxg6 31. O-O-O Kf7 32. Rg1 Ke7 33.
Rg7+ 1-0

[Event "Al-Ain Classic Open A 2013"]
[Site "Al-Ain UAE"]
[Date "2013.12.23"]
[Round "5.47"]
[White "Bakalar, Jan"]
[Black "Enkhtuul, Altanulzii"]
[Result "0-1"]
[BlackTitle "WIM"]
[WhiteElo "2033"]
[BlackElo "2249"]
[WhiteFideId "14901978"]
[BlackFideId "4901444"]
[EventDate "2013.12.19"]

1. d4 Nf6 2. Bf4 g6 3. e3 Bg7 4. Nf3 O-O 5. c3 d6 6. h3 Nbd7 7. Nbd2 Qe8 8. Bh2
e5 9. dxe5 Nxe5 10. Nxe5 dxe5 11. Bc4 b5 12. Bb3 Bb7 13. O-O c5 14. Qe2 c4 15.
Bc2 Qc6 16. Nf3 Rfe8 17. Rfd1 a5 18. a3 h6 19. Qf1 Nd7 20. e4 Nc5 21. Nd2 Rad8
22. f3 Nd3 23. Bxd3 Rxd3 24. Qe2 f5 25. exf5 gxf5 26. Kh1 a4 27. Nf1 e4 28. Re1
Kh7 29. Ng3 exf3 0-1